000 00479nam a2200181Ia 4500
005 20250326123756.0
008 250326s9999 xx 000 0 und d
037 _aTextbook
040 _aFMSL
_beng
_cFMSL
041 _aeng
_2eng
084 _aS K4
_qFMSL
100 _aHyman R
245 0 _aNature of psychological inquiry
_cHyman R
260 _aNew Jersey
_bNew Jersey, Prentice-Hill
_c1964
300 _a116p
942 _cTB
_hS K4
999 _c1270912
_d1270912